000 01110nam a22002057a 4500
999 _c13175
_d13175
003 AR-CdUCM
008 190411b ||||| |||| 00| 0 spa d
040 _aMUNICIPALIDAD PROVINCIAL DEL CUSCO
_cBIBLIOTECA MUNICIPAL DEL CUSCO
082 _aC / 709.85 /
_bV38
100 _aVelasco Astete, Domingo
_931407
245 _aEl arte y sus manifestaciones en el Perú pre-colombino /
260 _aCuzco :
_bH.G. Rozas,
_c1928.
300 _a110 páginas ;
_c21 cm.
505 _aContenido: Causas que determinan la producción intelectual -- Influencia de la raza en la producción artística -- El arte como producto de una época -- Origen étnico de las poblaciones Precolombinas de América -- El medio físico -- Datos geográficos del Perú antiguo -- Influencia de los Andes en la vida del Perú -- La costa, la sierra, el bosque, el paisaje -- Culturas: Chimú, Nazca, de los valles centrales, de la sierra, Tiahuanaco, Incaica, Chavín y Recuay.
650 _aArte peruano
_95992
650 _aHistoria
_9136
650 _aÉpoca prehispánica
_92714
942 _2ddc
_cLIBROS
945 _aacv
_d2019-04-11